00538pab a2200169 454500008004000000100002200040245009200062260000900154300001300163362000800176650003100184773001600215908000600231909001000237999001700247952010400264180718b2009 xxu||||| |||| 00| 0 eng d aKoul, D.N. et al. aTraditional water management system: exploring Ahars in Hazaribag district of Jharkhand c2009 ap.15-18. aMar aWater resources management aKurukshetra aN a81575 c81575d81575 00104070aIIPAbIIPAd2018-07-19hVolume no: 57, Issue no: 5pAR82035r2018-07-19w2018-07-19yAR